| 000 | 00847nam a2200289 4500 | ||
|---|---|---|---|
| 001 | 0000017240 | ||
| 003 | CO-CtgCURN | ||
| 005 | 20250329191028.0 | ||
| 007 | ta | ||
| 008 | 160627s1997 000 0 eng d | ||
| 020 | _a9586146162 | ||
| 040 |
_aCO-CtgCURN _bspa _ccoctgcurn |
||
| 082 | 0 |
_a070.19 _bS211m |
|
| 100 | 1 | _aSánchez Cristo, Julio. | |
| 245 | 1 | 0 |
_aMañanas F.M / _cJulio Sánchez Cristo. |
| 260 |
_aBogotá, _c1997. |
||
| 300 | _a464 p. | ||
| 336 | _2rdacontent | ||
| 337 |
_2rdamedia _asin mediacion _bn |
||
| 338 |
_2rdacarrier _avolumen _bnc |
||
| 505 | 8 | _aCaracol am y viva fm.--La fm | |
| 650 | 1 | 4 |
_aEntrevistas _zColombia. |
| 908 | _a160627 | ||
| 942 |
_cBK _h070.19 _iS211m _2ddc |
||
| 999 |
_c11625 _d11625 |
||